BIBLIOTECA PODER JUDICIAL
Portal Judicial TDF

Modificaciones efectuadas al procedimiento administrativo a partir del dictado de la Ley Bases / (Registro nro. 6203)

000 -LEADER
fixed length control field 01284nabaa22002297a 4500
003 - CONTROL NUMBER IDENTIFIER
control field OSt
005 - DATE AND TIME OF LATEST TRANSACTION
control field 20260125205518.0
008 - FIXED-LENGTH DATA ELEMENTS--GENERAL INFORMATION
fixed length control field 190701b xxu||||| |||| 00| 0 spa d
040 ## - CATALOGING SOURCE
Transcribing agency PJ
245 10 - TITLE STATEMENT
Title Modificaciones efectuadas al procedimiento administrativo a partir del dictado de la Ley Bases /
Statement of responsibility, etc María Teresa Calviño.
300 ## - PHYSICAL DESCRIPTION
Extent p. 118-126
500 ## - GENERAL NOTE
General note Cita: TR LALEY AR/DOC/2764/2024
505 ## - FORMATTED CONTENTS NOTE
Formatted contents note Sumario: I. Introducción.— II. Reforma integral a la ley 19.549.— III. Cuestiones de competencia.— IV. Requisitos esenciales del acto administrativo.— V. Revocación de actos administrativos.— VI. Derogación del acto de alcance general.— VII. Saneamiento del acto administrativo.— VIII. Prescripción.— IX. Impugnación judicial de actos administrativos.— X. Conclusión.
505 ## - FORMATTED CONTENTS NOTE
Title ¿Te interesa el texto completo? Comunicate al correo: koha@justierradelfuego.gov.ar
650 #0 - SUBJECT ADDED ENTRY--TOPICAL TERM
9 (RLIN) 211
Topical term or geographic name as entry element DERECHO ADMINISTRATIVO
650 #0 - SUBJECT ADDED ENTRY--TOPICAL TERM
9 (RLIN) 3177
Topical term or geographic name as entry element REFORMA DEL ESTADO
650 #0 - SUBJECT ADDED ENTRY--TOPICAL TERM
9 (RLIN) 1135
Topical term or geographic name as entry element PROCEDIMIENTO ADMINISTRATIVO
650 #0 - SUBJECT ADDED ENTRY--TOPICAL TERM
9 (RLIN) 1171
Topical term or geographic name as entry element ACTO ADMINISTRATIVO
700 ## - ADDED ENTRY--PERSONAL NAME
9 (RLIN) 6893
Personal name Calviño, María Teresa
773 0# - HOST ITEM ENTRY
Host Biblionumber 2842
Host Itemnumber 3251
Place, publisher, and date of publication Buenos Aires : AbeledoPerrot, 2012-
Other item identifier DA121
Title Derecho administrativo. Nº 156 noviembre/diciembre 2024
International Standard Book Number 18510590
942 ## - ADDED ENTRY ELEMENTS (KOHA)
Source of classification or shelving scheme
Koha item type Analítica Artículo de Revista

No hay ítems disponibles.

12 de Octubre 789 Ushuaia - Tel:  54(02901)441571
Horario de Atención: 8.00 a 17.00 hs. 
bibliotecaush@justierradelfuego.gov.ar
koha@justierradelfuego.gov.ar
Seguinos en nuestras redes @bibliojustdf 

Con tecnología Koha